Justin Timberlake Discography - Statistics

General Stats
  • This quiz has been taken 53 times
  • The average score is 4 of 11
Answer Stats
Type Year Name % Correct
Album 2002 Justified
86%
Album 2013 The 20/20 Experience
86%
Album 2006 FutureSex/LoveSounds
84%
Album 2013 The 20/20 Experience - 2 of 2
52%
Soundtrack 2016 Trolls: Original Motion Picture Soundtrack
50%
Soundtrack 2017 The Book of Love: Original Motion Picture Soundtrack
25%
EP 2003 I'm Lovin' It
20%
Remix Album 2010 12" Masters - The Essential Mixes
14%
Collaborative EP 2003 Justin & Christina
14%
EP 2013 iTunes Festival: London 2013
7%
Compilaton 2013 The 20/20 Experience - The Complete Experience
7%
No matching quizzes found
Score Distribution
Percent of People with Each Score
Percentile by Number Answered
Your Score History
You have not taken this quiz